000 00554cam a2200181 i 4500
005 20180803125022.0
010 _aB-701178
020 _a9789386313768
_c325.00
035 _aB-701178
082 0 4 _aS
100 1 _aStilton, Geronimo,
245 1 4 _aAway in a star sled /
_cGeronimo Stilton and Thea Stilton
260 _aNew York
_bScholastic
_c2017
300 _a162p
_bcolor illustrations ;
_c20 cm (pbk)
700 _aStilton, Thea
942 _2ddc
_cCH
_hS
_mSTI
999 _c155359
_d155359